5.1 Anglais - Statistiques

Statistiques générales
  • Ce quiz a été pris 92 fois
  • Le résultat moyen est 8 sur 28
Statistiques - réponses
Hint Réponse % Correct
Lit Bed
98%
Cœur Heart
74%
Cerveau Brain
67%
Estomac Stomach
62%
Oreiller Pillow
59%
Poumons Lungs
50%
Matelas Mattress
44%
Foie Liver
42%
Couvertures Blanket
36%
Reins Kidney
30%
Draps Sheets
30%
Roues du lit Bed wheels
21%
Vessie Bladder
20%
Pied a perfusion IV pole
17%
Rate Spleen
15%
Armoire Wardrobe
15%
Sonette Call button
14%
Potence Monkey pole
14%
Gros intestin Large intestin
12%
Alaise Bed pad
11%
Telecommande du lit Bed remote control
11%
Intestin Grêle Small intestin
11%
Linge de lit Bed linen
8%
Prise d'O2 Oxygen outlet
8%
Barrieres Barricades
5%
Table de nuit Bedside table
5%
Paravent Folding screen
5%
Prise electrique Socket
3%
Aucun quiz correspondant
Distribution des résultats
% des personnes avec chaque résultat
Percentile par nombre de réponses
Votre historique - résultats
Vous n’avez pas pris ce quiz